000 00646nam a22001937a 4500
999 _c18033
_d18033
003 AR-CdUCM
008 190511b ||||| |||| 00| 0 spa d
040 _aMUNICIPALIDAD PROVINCIAL DEL CUSCO
_cBIBLIOTECA MUNICIPAL DEL CUSCO
082 _a335.4 /
_bO93
100 _aOverstreet, Harry y Bonaro
_98062
245 _aLa esencia del comunismo /
260 _aBuenos Aires :
_bIndice,
_c1964.
300 _a349 pƔginas ;
_c21 cm.
505 _aContenido: Comienzos y desarrollo -- El partido en nuestro medio -- Que esta en juego.
650 _aComunismo
_9495
650 _aRevolución
_9844
942 _2ddc
_cLIBROS
945 _aacv
_d2019-05-11